00511nam a2200205 a 4500001001300000003000900013005001700022008004100039020001000080082001700090100002000107245001800127260003500145300000900180500003500189505001700224650002300241650002100264700002000285nice12345678IN_TiNIC20260116013702.0070405s1991 newa grp 000 0 urd  ac12500a181.07bKHA7 aKhan, M A Salam aAfkar-E-iqbal aNew DelhibMaktaba Jamiac1991 a387p aincludes index and biblioraphy2 aBibliography aPhilosophy-Islamic aIqbal-Philosophy1 aKhan, M A Salam